=LDR 00000nam 2200000 4500 =001 INLIS000000000052015 =005 20200305070041 =035 ##$$a 0010-0118000203 =008 200305################g##########0#ind## =020 ##$$a 978-602-7637-25-2 =082 ##$$a 297. 31 =084 ##$$a 297. 31 ALI i =100 #$$a Ali muhammad ash-shalabi =245 1#$$a Iman kepada Allah : $b 1 /$c Ali muhammad ash-shalabi =250 ##$$a Cet. 1 =260 ##$$a Jakarta :$b Ummul qura,$c 2014 =300 ##$$a Xxx, 455 hlm ; $c 15, 5 x 24 Cm =500 ##$$a Judul asli : Al- manu billahi =650 #4$$a Imam kepada allah =990 ##$$a 21707460 =990 ##$$a 21707458 =990 ##$$a 21707457 =990 ##$$a 21707456 =990 ##$$a 21707459 =990 ##$$a 00093652 =990 ##$$a 00093552